Štrbinové miešacie vložky. /

Enregistré dans:
Détails bibliographiques
Auteur principal: Zvara, Ján (Auteur)
Format: Manuscrit Livre
Publié: Bratislava : SVŠT v Bratislave SjF, 1971
Tags: Ajouter un tag
Pas de tags, Soyez le premier à ajouter un tag!

MARC

LEADER 00000ntm a22000003a 4500
001 stu47440
005 20150617225659.1
008 ------s1971----cs----------------------d
040 |a STU  |b slo 
041 0
044 |a cs 
080 |a 533.6.071 
100 1 |a Zvara, Ján  |4 aut 
245 1 |a Štrbinové miešacie vložky. /  |c [aut.] Zvara,Ján 
260 |a Bratislava :  |b SVŠT v Bratislave SjF,  |c 1971 
300 |a 82 s 
996 |b J27193  |c J*27193/DIZ.  |l JJSK  |s A  |a 24  |w stu47440_0001